[Event "Gorazde op"]
[Site "Gorazde"]
[Date "2009.11.14"]
[Round "6"]
[White "Koso, Ekrem"]
[Black "Maric, Spasoje"]
[Result "1/2-1/2"]
[WhiteElo "2124"]
[BlackElo "2198"]
[PlyCount "59"]
[EventDate "2009.11.12"]
[EventType "swiss"]
[EventRounds "7"]
[EventCountry "BIH"]
[SourceTitle "EXT 2011"]
[Source "ChessBase"]
[SourceDate "2010.11.26"]
[SourceVersion "1"]
[SourceVersionDate "2010.11.26"]
[SourceQuality "1"]

1. Nf3 Nf6 2. g3 g6 3. Bg2 Bg7 4. 0-0 0-0 5. d4 d5 6. c4 c6 7. Nc3 dxc4 8. h3 Qa5 9. Ne5 Be6 10. Bd2 Qd8 11. Nf3 Bd5 12. Nxd5 cxd5 13. b3 Nbd7 14. bxc4 dxc4 15. Rb1 b6 16. Ne5 Nxe5 17. Bxa8 Qxa8 18. dxe5 Ne4 19. Bb4 Bxe5 20. Bxe7 Re8 21. Qd7 Nc3 22. Rb2 Nd5 23. Rb5 Rxe7 24. Qxd5 Qxd5 25. Rxd5 Bb2 26. Rd2 c3 27. Rc2 Re5 28. Rb1 Ra5 29. Rbxb2 cxb2 30. Rxb2 1/2-1/2